000 00336nam a2200133 i 4500
001 bg
100 1 _aKATZAN, Harry
245 0 _aAdvanced Programming :
_bProgramming and Operation Systems /
_cHarry Katzan.
260 _aNew York,
_c1970.
040 _cBPK
041 _apol
942 _cKS
008 s pl f |000 0 pol
999 _c15494
_d15494
856 _uhttp://koha.tu.koszalin.pl/cgi-bin/koha/opac-detail.pl?biblionumber=15494
_yKatalog online BPK